[Event "Cap d'Agde Avenir op"]
[Site "Cap d'Agde"]
[Date "2008.10.31"]
[Round "8"]
[White "Clement, Alexandre"]
[Black "Flereau, Pierre"]
[Result "1-0"]
[WhiteElo "1714"]
[BlackElo "2000"]
[PlyCount "69"]
[EventDate "2008.10.25"]
[EventType "swiss"]
[EventRounds "9"]
[EventCountry "FRA"]
[SourceTitle "EXT 2010"]
[Source "ChessBase"]
[SourceDate "2010.11.25"]
[SourceVersion "1"]
[SourceVersionDate "2010.11.25"]
[SourceQuality "1"]

1. e4 e5 2. Nf3 Nc6 3. Bb5 Nd4 4. Bc4 d6 5. c3 Nxf3+ 6. Qxf3 Nf6 7. h3 Be7 8. d4 exd4 9. cxd4 0-0 10. 0-0 Be6 11. Bd3 c6 12. Nc3 Qc8 13. Re1 h6 14. d5 cxd5 15. exd5 Nxd5 16. Nxd5 Re8 17. Nxe7+ Rxe7 18. Qe4 f5 19. Qd4 Qc7 20. Bf4 Qc5 21. Qxc5 dxc5 22. Bxf5 Rae8 23. Bxe6+ Rxe6 24. Rxe6 Rxe6 25. Be3 b6 26. Rd1 Re7 27. Kf1 Kf7 28. Rd6 Ke8 29. Ke2 Rc7 30. Kd3 c4+ 31. Kc3 Ke7 32. Rd4 b5 33. Kb4 a6 34. Rg4 Kf8 35. Rg6 1-0

[Event "Cap d'Agde Avenir op"]
[Site "Cap d'Agde"]
[Date "2008.10.26"]
[Round "2"]
[White "Granjard, Karine"]
[Black "Flereau, Pierre"]
[Result "0-1"]
[WhiteElo "1668"]
[BlackElo "2000"]
[PlyCount "109"]
[EventDate "2008.10.25"]
[EventType "swiss"]
[EventRounds "9"]
[EventCountry "FRA"]
[SourceTitle "EXT 2010"]
[Source "ChessBase"]
[SourceDate "2010.11.25"]
[SourceVersion "1"]
[SourceVersionDate "2010.11.25"]
[SourceQuality "1"]

1. d4 f5 2. c4 Nf6 3. Nc3 g6 4. g3 Bg7 5. Bg2 d6 6. Qb3 c6 7. Nf3 Na6 8. Bf4 Nc7 9. 0-0 Ne6 10. Bd2 0-0 11. d5 Nc5 12. Qc2 e5 13. b4 Nce4 14. Rad1 Nxd2 15. Qxd2 e4 16. Nd4 cxd5 17. cxd5 Re8 18. e3 Bh6 19. Nde2 Ng4 20. Rc1 Qb6 21. Nd1 Bd7 22. h3 Ne5 23. Nd4 Bg7 24. Ne6 Bxe6 25. dxe6 Nd3 26. Rc4 Rxe6 27. g4 d5 28. gxf5 gxf5 29. Rc2 Qxb4 30. Qe2 Rf8 31. Rc7 Rg6 32. Rd7 f4 33. Qh5 Qc4 34. f3 exf3 35. Rxf3 Ne5 36. Rxg7+ Rxg7 37. Qxe5 Qe2 38. Qxd5+ Kh8 39. Rf2 Qe1+ 40. Kh2 f3 41. Qd4 Rfg8 42. Rxf3 Qa5 43. Nf2 Qb6 44. Qa1 Qg6 45. Bh1 Qd6+ 46. Rf4 Rf8 47. Ne4 Qc7 48. Qf1 Rgf7 49. Qa1+ Kg8 50. Qg1+ Rg7 51. Qf2 Qe5 52. Ng3 Rgf7 53. Rxf7 Rxf7 54. Qe1 Qb2+ 55. Ne2 0-1

[Event "Cap d'Agde Avenir op"]
[Site "Cap d'Agde"]
[Date "2003.10.29"]
[Round "8"]
[White "Flereau, Pierre"]
[Black "Billaut, Jean"]
[Result "1/2-1/2"]
[WhiteElo "1630"]
[BlackElo "1700"]
[PlyCount "89"]
[EventDate "2003.10.24"]
[EventType "swiss"]
[EventRounds "9"]
[EventCountry "FRA"]
[SourceTitle "EXT 2005"]
[Source "ChessBase"]
[SourceDate "2004.11.15"]
[SourceVersion "1"]
[SourceVersionDate "2004.11.15"]
[SourceQuality "1"]

1. e4 e5 2. Nf3 Nc6 3. Bc4 Bc5 4. d3 h6 5. a3 a6 6. Nc3 Nf6 7. h3 d6 8. Be3 Ba7 9. Qd2 0-0 10. g4 Be6 11. g5 Bxe3 12. Qxe3 hxg5 13. Qxg5 Nh7 14. Qg3 Bxc4 15. dxc4 Ne7 16. h4 Ng6 17. h5 Nf4 18. Nd5 Nxd5 19. cxd5 Qf6 20. Rh4 Qh6 21. Ke2 f5 22. Qg6 fxe4 23. Rxe4 Rf6 24. Qxh6 Rxh6 25. Rh4 Rf8 26. Rg1 Nf6 27. c4 Nxh5 28. Ke3 Rf4 29. b3 Rhf6 30. Rxf4 Nxf4 31. Nd2 Rg6 32. Rxg6 Nxg6 33. Ne4 Nh4 34. Ng5 Nf5+ 35. Kd3 Nd4 36. b4 g6 37. f4 Kg7 38. fxe5 dxe5 39. Ne4 b6 40. c5 Nf5 41. Ng5 bxc5 42. bxc5 Kf6 43. Nh7+ Kg7 44. Ng5 Kf6 45. Nh7+ 1/2-1/2